000 00617nam a2200229Ia 4500
005 20230128104509.0
008 131103s9999 xx 000 0 und d
020 _a8125010807
_cRs. 275
040 _aLoreto College
041 _aEnglish
082 _a954.01
_bKOC
100 _aKochhar, Rajesh
245 4 _aThe Vedic people
_b Their history and geography
_cRajesh Kochhar
260 _aDelhi
_bOrient Longman
_c2000
300 _axiv,259p
_b maps, tables
504 _aReprinted 2002
630 _aIndia, Early History
650 _aEarly India
651 _aIndia, History
850 _aLCLIB
942 _cBK
999 _c85
_d50564